ARRUPE JESUIT UNIVERSITY

CORONAVIRUS -STOP THE SPREAD - CLEAN,DISINFECT,COVER

The book of Judges : (Record no. 120944)

MARC details
000 -LEADER
fixed length control field 01076cam a2200337 i 4500
001 - CONTROL NUMBER
control field 4424287
003 - CONTROL NUMBER IDENTIFIER
control field ARRUPE
005 - DATE AND TIME OF LATEST TRANSACTION
control field 20140924165324.0
008 - FIXED-LENGTH DATA ELEMENTS--GENERAL INFORMATION
fixed length control field 750607s1975 enkb b 001 0 eng
010 ## - LIBRARY OF CONGRESS CONTROL NUMBER
LC control number 74031797
020 ## - INTERNATIONAL STANDARD BOOK NUMBER
International Standard Book Number 0521086396 :
020 ## - INTERNATIONAL STANDARD BOOK NUMBER
International Standard Book Number 0521097681 (pbk).
035 ## - SYSTEM CONTROL NUMBER
System control number (OCoLC)1812914
035 ## - SYSTEM CONTROL NUMBER
System control number (OCoLC)ocm01812914
035 ## - SYSTEM CONTROL NUMBER
System control number (NNC)4424287
040 ## - CATALOGING SOURCE
Original cataloging agency DLC
Transcribing agency DLC
Modifying agency NNUT
-- CStRLIN
050 0# - LIBRARY OF CONGRESS CALL NUMBER
Classification number BS1305.3
Item number .M37 1975
090 ## - LOCALLY ASSIGNED LC-TYPE CALL NUMBER (OCLC); LOCAL CALL NUMBER (OCLC)
Classification number (OCLC) (R) ; Classification number, CALL (RLIN) (NR) BS1305.3
Local cutter number (OCLC) ; Book number/undivided call number, CALL (RLIN) .M37 1975
300 ## - PHYSICAL DESCRIPTION
Other physical details map ;
Dimensions 20 cm.
130 0# - MAIN ENTRY--UNIFORM TITLE
Uniform title Bible.
Name of part/section of a work Judges.
Language of a work English.
Version New English.
Date of a work 1975.
9 (RLIN) 11604
245 14 - TITLE STATEMENT
Title The book of Judges :
Remainder of title commentary /
Statement of responsibility, etc by James D. Martin.
260 ## - PUBLICATION, DISTRIBUTION, ETC. (IMPRINT)
Place of publication, distribution, etc Cambridge, Eng. ;
-- New York :
Name of publisher, distributor, etc Cambridge University Press,
Date of publication, distribution, etc 1975.
300 ## - PHYSICAL DESCRIPTION
Extent x, 234 p. :
490 1# - SERIES STATEMENT
Series statement Cambridge Bible commentary, New English Bible
500 ## - GENERAL NOTE
General note Includes index.
504 ## - BIBLIOGRAPHY, ETC. NOTE
Bibliography, etc Bibliography: p. 227.
630 00 - SUBJECT ADDED ENTRY--UNIFORM TITLE
Uniform title Bible.
Name of part/section of a work Judges
Form subdivision Commentaries.
9 (RLIN) 11605
700 1# - ADDED ENTRY--PERSONAL NAME
Personal name Martin, James D.,
Dates associated with a name 1935-
9 (RLIN) 11606
830 #0 - SERIES ADDED ENTRY--UNIFORM TITLE
Uniform title Cambridge Bible commentary.
9 (RLIN) 11607
942 ## - ADDED ENTRY ELEMENTS (KOHA)
Source of classification or shelving scheme Library of Congress Classification
Koha item type Monograph ( Printed materials)
Holdings
Withdrawn status Lost status Source of classification or shelving scheme Damaged status Not for loan Collection code Home library Current library Shelving location Date acquired Total Checkouts Full call number Barcode Date last seen Price effective from Koha item type
    Library of Congress Classification     Main Collection ARRUPE LIBRARY ARRUPE LIBRARY Main Collection 24/09/2014   BS1305.3 .M37 1975 46500000257 07/12/2016 24/09/2014 Monograph ( Printed materials)

 

Arrupe Library. PO Box MP320 Mt Pleasant, Harare, Zimbabwe
263 242 745411|librarian@aju.ac.zw